000 00647nam a2200277Ia 4500
005 20260324130622.0
008 008 260324s9999 xx 000 0 eng d
020 _a9780203932292
037 _aEBOOK
040 _aCRL
040 _beng
040 _cCRL
041 _2eng
041 _aeng
084 _qCRL
100 _aKathy Salter
_91182458
245 0 _aSetting Up and Running a Peer Listening Scheme
260 _bTaylor and Francis
260 _c2007
365 _a
365 _b120
856 _uhttp://www.taylorfrancis.com/books/9780203932292
942 _cEBOOK
999 _c1778786
_d1778786